Normal view MARC view

Entry Personal Name

Number of records used in: 2

001 - CONTROL NUMBER

  • control field: 49995

003 - CONTROL NUMBER IDENTIFIER

  • control field: dpl

005 - DATE AND TIME OF LATEST TRANSACTION

  • control field: 20120710112026.0

008 - FIXED-LENGTH DATA ELEMENTS

  • fixed length control field: 120710|||a|||||| | ||| d

040 ## - CATALOGING SOURCE

  • Original cataloging agency: dpl
  • Transcribing agency: dpl

100 ## - HEADING--PERSONAL NAME

  • Personal name: शर्मा, स्वर्ण कांता

670 ## - SOURCE DATA FOUND

  • Source citation: Work cat.: (dpl)61997: शर्मा, स्वर्ण कांता, टूटे रिश्तों से टूटें नही... , 2011

670 ## - SOURCE DATA FOUND

  • Source citation: Work cat.: (dpl)61997: शर्मा, स्वर्ण कांता, टूटे रिश्तों से टूटें नही... , 2011

© Delhi Public Library
Hit Counter
free hit counter